Central Library OPAC University of Rajshahi

Facts about India / (Record no. 25198)

MARC details
000 -LEADER
fixed length control field 00740nam a2200241 a 4500
001 - CONTROL NUMBER
control field 25198
003 - CONTROL NUMBER IDENTIFIER
rucl marc code BD-RjUL
005 - DATE AND TIME OF LATEST TRANSACTION
control field 20211209050839.0
008 - FIXED-LENGTH DATA ELEMENTS--GENERAL INFORMATION
fixed length control field 140316s1976 ii 00000 eng d
035 ## - SYSTEM CONTROL NUMBER
System control number (BD-RjUL)25267
040 ## - CATALOGING SOURCE
Original cataloging agency BD-RjUL
Language of cataloging eng
Transcribing agency BD-RjUL
041 ## - LANGUAGE CODE
Language code of text/sound track or separate title eng
082 04 - DEWEY DECIMAL CLASSIFICATION NUMBER
Classification number 915.4
Author mark and year FAC 1976
110 10 - MAIN ENTRY--CORPORATE NAME
Corporate name or jurisdiction name as entry element India.
Subordinate unit Ministry of Information and Broadcasting.
-- Publications Division.
9 (RLIN) 77523
245 10 - TITLE STATEMENT
Title Facts about India /
250 ## - EDITION STATEMENT
Edition statement 9th ed.
260 0# - PUBLICATION, DISTRIBUTION, ETC. (IMPRINT)
Place of publication, distribution, etc. Delhi :
Date of publication, distribution, etc. 1967
Name of publisher, distributor, etc. Publications Division,
300 ## - PHYSICAL DESCRIPTION
Pagination 171 p. :
Illustrations illus., fold. map ;
Size 21 cm.
651 #0 - SUBJECT ADDED ENTRY--GEOGRAPHIC NAME
Geographic name India
General subdivision Economic conditions.
9 (RLIN) 77517
Geographic name India
General subdivision Social conditions.
9 (RLIN) 77518
Geographic name India
General subdivision Social life and customs.
9 (RLIN) 77519
942 ## - ADDED ENTRY ELEMENTS (KOHA)
Source of classification or shelving scheme Dewey Decimal Classification
Koha item type Books
Holdings
Lost status Source of classification or shelving scheme Damaged status Not for loan Collection code Permanent Location Current Location Shelving location Date acquired Source of acquisition Total Checkouts Full call number Date last seen Copy number Koha item type
  Dewey Decimal Classification   Added to bundle Non-fiction Central Library, University of Rajshahi Central Library, University of Rajshahi Reading Room 22/06/1977 Asstti High Com. of India Gift   915.4 FAC 1976 16/03/2014 C-1 Books